Premier League Roberts Quiz Stats

 Plays Quiz not verified by Sporcle

Score 0/12 Timer 01:30
0 Plays Today
% Correct
Robbie Keane
96.4%
Robert Pires
94.8%
Robbie Fowler
94.4%
Robert Green
94.3%
Robert Huth
93.7%
Robert Snodgrass
90.7%
Robbie Savage
90%
Robbie Earle
86.6%
Rob Lee
75.5%
Rob Jones
71.5%
Robbie Mustoe
69.8%
Robbie Elliott
67.8%

You're not logged in!

Compare scores with friends on all Sporcle quizzes.
OR
Log In

Show Comments

Extras

Top Quizzes Today


Score Distribution

Your Account Isn't Verified!

In order to create a playlist on Sporcle, you need to verify the email address you used during registration. Go to your Sporcle Settings to finish the process.

Report this User

Report this user for behavior that violates our Community Guidelines.

Details: